MDQL
is popping MORE tags! Check the
thread
!
Quizzes
Events
Quiz Creation
Community
Videos
Private Events
Remove Ads
Sign In
Join for FREE
Feedback
Dark Mode
Quiz Categories
Sports
Geography
Music
Movies
Television
Just For Fun
Miscellaneous
History
Literature
Language
Science
Gaming
Entertainment
Religion
Holiday
For Kids
Quiz Lab
Recent
Popular Today
Quiz Kudos Today
Editor Picks
Curator Picks
Quizzes by...
Day
Popularity
Type
Ratings
Length
Year
Community
Subscriptions
Recent Discussions
Orange Saloon
Badges
Playlists
Quests
Create
Leaderboards
Showdown
Live 5
Trivia Bingo
Activity
Puzzle Library
Sporcle Events
Private Events
Virtual Trivia
Globe League
Become a Host
Pub Owners
SporcleCon
Opinionation
Our Games
Videos
Blog
Mobile Apps
Partnerships
Remove Ads and Go Orange
Feedback
Sports
Athletes
MLB
NBA
NHL
NFL
Soccer
Sports Teams
WWE
NCAA
Football
Premier League
Basketball
Baseball
Hockey
Golf
Tennis
Cricket
Rugby
Auto Racing
Olympics
World Cup
Sports
Athletes
MLB
NBA
NHL
NFL
Soccer
Sports Teams
WWE
NCAA
Football
Premier League
Basketball
Baseball
Hockey
Golf
Tennis
Cricket
Rugby
Auto Racing
Olympics
World Cup
Random Quiz
Search Sporcle
×
Quiz Lab
Quiz Lab
Sports
1990
Type in answers that appear in a list
Type in answers that appear in a list
Classic
Best Score? Go Orange.
Bayern Munich since 1990 Stats
Can you name the Bayern Munich since 1990
By
ocmw
10m
168 Questions
488 Plays
488 Plays
488 Plays
Comments
Comments
Give Quiz Kudos
Give Quiz Kudos
-
- Ratings
hide this ad
More Info
Replay
Link that replays current quiz
Next Quiz
Link to next quiz in quiz playlist
You Got
0%
They Got
Avg Score
55%
Avg Friend Score
Upgrade to see
Score Distribution
Jump to the score distribution portion of the page
Score
0/168
Timer
10:00
0
Plays Today
year
player
% Correct
1994/
95
Oliver Kahn
96.3%
2005/
06
Philipp Lahm
89.8%
2009/
10
Arjen Robben
89.1%
1992/
93
Lothar Matthäus
88.7%
2007/
08
Franck Ribery
88.3%
1992/
93
Mehmet Scholl
87.1%
1990/
91
Stefan Effenberg
86.9%
1997/
98
Giovane Elber
86.3%
2002/
03
Bastian Schweinsteiger
86.3%
2007/
08
Miroslav Klose
85.7%
2008/
09
Thomas Müller
85.7%
2011/
12
Manuel Neuer
85%
1995/
96
Jürgen Klinsmann
83.8%
2009/
10
Mario Gomez
83.4%
2011/
12
Jerome Boateng
83.4%
1994/
95
Samuel Kuffour
83.2%
2002/
03
Michael Ballack
82.2%
2008/
09
Hans- Jörg Butt
81.6%
1996/
97
Carsten Jancker
81.4%
2013/
14
Mario Götze
80.1%
2007/
08
Luca Toni
79.9%
1991/
92
Markus Babbel
79.7%
1997/
98
Bixente Lizarazu
79.1%
1996/
97
Mario Basler
78.5%
2009/
10
Holger Badstuber
78.1%
2000/
01
Willy Sagnol
77.9%
2012/
13
Javi Martinez
77.9%
2001/
02
Claudio Pizarro
77.3%
2009/
10
David Alaba
77%
2002/
03
Zé Roberto
76.8%
1992/
93
Thomas Helmer
76.4%
2007/
08
Toni Kroos
76.4%
2012/
13
Mario Mandzukic
76%
2012/
13
Dante
75.8%
1993/
94
Dietmar Hamann
75.6%
2006/
07
Mark van Bommel
75.2%
1998/
99
Jens Jeremies
75%
2003/
04
Roy Makaay
75%
2006/
07
Lukas Podolski
75%
2004/
05
Lucio
74.8%
2006/
07
Daniel van Buyten
74.8%
1990/
91
Christian Ziege
74.6%
1993/
94
Alexander Zickler
73.2%
2000/
01
Owen Hargreaves
73.2%
1998/
99
Thomas Linke
72.7%
1998/
99
Hasan Salihamidzic
71.9%
2004/
05
Torsten Frings
71.7%
1997/
98
Michael Tarnat
71.5%
1989/
90
Jürgen Kohler
70.9%
1999/
00
Paulo Sergio
69.9%
2003/
04
Michael Rensing
69.9%
2009/
10
Ivica Olic
69.7%
1989/
90
Thomas Strunz
69.5%
1999/
00
Roque Santa Cruz
69.1%
2002/
03
Sebastian Deisler
69.1%
2003/
04
Martin Demichelis
68.6%
year
player
% Correct
2011/
12
Rafinha
68.4%
1999/
00
Patrik Andersson
68.2%
1997/
98
Thorsten Fink
66%
1989/
90
Stefan Reuter
65.4%
2013/
14
Thiago Alcantara
65.4%
1989/
90
Klaus Augenthaler
64.3%
1989/
90
Raimond Aumann
62.3%
1993/
94
Christian Nerlinger
62.3%
2001/
02
Robert Kovac
62.1%
2001/
02
Niko Kovac
62.1%
1989/
90
Olaf Thon
61.3%
1995/
96
Ciriaco Sforza
61.1%
2006/
07
Mats Hummels
61.1%
1994/
95
Jean- Pierre Papin
60.2%
1996/
97
Ruggiero Rizzitelli
58.6%
2003/
04
Christian Lell
56.6%
2005/
06
Valerien Ismaël
55.9%
2010/
11
Luiz Gustavo
55.9%
2012/
13
Xherdan Shaqiri
55.7%
1992/
93
Jorginho
54.9%
1991/
92
Thorsten Ott
54.7%
2007/
08
Hamit Altintop
54.5%
2009/
10
Danijel Pranjic
54.5%
1990/
91
Brian Laudrup
54.1%
2009/
10
Diego Contento
53.5%
2008/
09
Tim Borowski
53.3%
1993/
94
Marcel Witeczek
53.1%
2005/
06
Andreas Ottl
51.2%
2007/
08
Breno
50.8%
2009/
10
Anatoliy Tymoshchuk
50.8%
2012/
13
Tom Starke
50.6%
2004/
05
Pablo Guerrero
50.4%
2007/
08
Marcell Jansen
50.4%
2008/
09
Massimo Oddo
50.4%
1998/
99
Ali Daei
50.2%
1995/
96
Andreas Herzog
50%
2005/
06
Ali Karimi
50%
1993/
94
Adolfo Valencia
49.2%
1998/
99
Benrd Dreher
48.2%
1994/
95
Alain Sutter
47.5%
1989/
90
Hans Pflügler
47.1%
1994/
95
Emil Kostadinov
47.1%
1991/
92
Bruno Labbadia
46.7%
2007/
08
José Ernesto Sosa
46.5%
1989/
90
Sven Scheuer
46.3%
1991/
92
Thomas Berthold
46.3%
2010/
11
Thomas Kraft
45.9%
1989/
90
Roland Wohlfarth
45.7%
1991/
92
Harald Schumacher
44.9%
1991/
92
Oliver Kreuzer
44.9%
2007/
08
Jan Schlaudraff
44.5%
2003/
04
Tobias Rau
44.3%
2009/
10
Edson Braafheid
44.3%
1992/
93
Markus Schupp
44.1%
1991/
92
Jan Wouters
43.9%
1989/
90
Alan McInally
43.4%
year
player
% Correct
1991/
92
Mazinho
43.4%
2002/
03
Piotr Trochowski
43.4%
1990/
91
Michael Sternkopf
42.4%
1999/
00
Stefan Wessels
42.2%
2004/
05
Vahid Hashemian
42.2%
2005/
06
Julio dos Santos
41.6%
2008/
09
Landon Donovan
41.4%
2011/
12
Nils Petersen
41.4%
1989/
90
Manfred Bender
40.4%
2013/
14
Mitchell Weiser
40.4%
1989/
90
Ludwig Kögl
39.8%
2012/
13
Pierre- Emile Hojbjerg
39.5%
1989/
90
Roland Grahammer
38.9%
1993/
94
Dieter Frey
37.5%
1991/
92
Uwe Gospodarek
37.3%
2001/
02
Pablo Thiam
35.9%
2004/
05
Andreas Görlitz
35.9%
1989/
90
Hans Dorfner
35.7%
2002/
03
Zvjezdan Misimovic
35.7%
1999/
00
Michael Wiesinger
35.5%
2001/
02
Markus Feulner
35.5%
2009/
10
Alexander Baumjohann
35.5%
1990/
91
Markus Münch
35%
2007/
08
Sandro Wagner
34.6%
2012/
13
Emre Can
34.6%
1989/
90
Manfred Schwabl
34.2%
2013/
14
Jan Kirchhoff
34%
1998/
99
David Jarolim
33.6%
1989/
90
Radmilo Mihajlovic
33.4%
1991/
92
Bernardo
32.4%
1998/
99
Berkant Göktan
32.4%
2011/
12
Takashi Usami
32.4%
1989/
90
Hans- Dieter Flick
32.2%
1999/
00
Antonio Di Salvo
32.2%
1991/
92
Gerald Hillringhaus
32%
1990/
91
Allan Nielsen
30.9%
1991/
92
Alois Reinhardt
30.7%
1999/
00
Slawomir Wojciechowski
30.7%
1992/
93
Harald Cerny
30.1%
1989/
90
Erland Johnsen
29.9%
1989/
90
Thomas Kastenmaier
29.5%
1998/
99
Nils- Eric Johansson
29.3%
1994/
95
Marco Grimm
28.7%
1991/
92
Kurt Kremm
28.1%
1990/
91
Rainer Aigner
27.9%
1991/
92
Max Eberl
27.5%
1995/
96
Michael Probst
27.3%
1997/
98
Alexander Bugera
26.8%
1999/
00
Andrew Sinkala
26.8%
1996/
97
Carsten Lakies
26.2%
2006/
07
Stephan Fürstner
26.2%
1996/
97
Frank Gerster
25.8%
2006/
07
Louis Clement Ngwat- Mahop
25.6%
2006/
07
Stefan Maierhofer
25.4%
2013/
14
Ylli Sallahi
25.2%
2001/
02
Steffen Hofmann
22.3%
Quiz Playlist
Details
Report
Send in Message
Add To Playlist
More Info:
Name the players of Bayern Munich since 1990.
Classic:
Type in answers that appear in a list
Last Updated: Feb 16, 2017
Quiz Scoreboard
CHALLENGE
Sign Up to Join the Scoreboard
Show All
Scores
Hide
Comments
May contain spoilers
Recently Published
Two Season TV Shows II
by 123Four
Television
10m
Image Sorting: Flags VI
by Barbecue
Geography
2m
Find the 'City' Movie
by crazypaving
Movies
60s
More to Explore
Quiz From the Vault
Featured Blog Post
14 Easter Pick-up Lines to Find Eggs With
hide this ad
You Might Also Like...
Tags
1990
Bayern
Bayern Munich
munich
Player
Today's Top Quizzes in Sports
Browse Sports
hide this ad
Today's Top Quizzes in 1990
Browse 1990
Top Contributed Quizzes in Sports
1
Les meilleurs buteurs des matchs entre le PSG et l’OM
2
Les entraîneurs de l'OM et du PSG au 21e siècle
3
2022 World Cup Stars
4
Les joueurs passés par le PSG et l'OM
5
Players with Multiple 50 Home Run Seasons
6
FIFA Club World Cup Champions
7
Criteria MLB: Left Handed Sluggers
8
Les joueurs passés par le LOSC et le RC Lens
9
Top 10 NHL Goal Scorers of All Time
10
MLB Players with Two .350 Batting Average Seasons
Explore More
Trending Topics
Anime
NBA
Marvel
Kpop
Disney
Harry Potter
Crossword
WWE
The Office
Pokémon
Puzzle
Song
NFL
Country
Soccer
hide this ad
More By:
ocmw
Quiz
Plays
Rating
Category
Featured
Created
European Cup Quarter Finalist 1956-1985
4,993
4.43
Sports
Jan 15, 2015
PDC World Darts Championship Quarter Finalists
3,597
4.17
Sports
Dec 22, 2014
European Cup/ CL Quarter Finalists 1986-recent
1,075
4.80
Sports
Jan 19, 2015
Fc Barcelona since 1990
963
4.57
Sports
Apr 18, 2014
BDO World Darts Championship quarter finalists
948
5.00
Sports
Dec 23, 2014
Go to Creator's Profile
Score Distribution
Quiz Creator Spotlight
ocmw
Follow
Send a Message
Quizzes Created
-
Created Quiz Play Count
-
More By This Creator
Popular Quizzes Today
1
Find the US States - No Outlines Minefield
2
Colored Red Africa Blitz
3
Find the 'City' Movie
4
5x2 Blitz: Bands
5
The Countries of the World
6
Find the Countries of Europe - No Outlines Minefield
7
Find the US States
8
US States
More Sports Quizzes
WWE NXT: Worlds Collide 2022 Match Card
Curator's Pick
Trending Quizzes
Colored Red Europe Blitz I
Colored Red Africa Blitz II
Colored Red Europe Blitz II
Colored Red Europe Blitz III
Colored Red Africa Blitz III
Recently Updated
How Do You Spell That?
pecheneg
Godzilla Movies
pecheneg
Grab Bag: 4-10 Letters
pecheneg
2024 March Madness Bracket
pecheneg
Famous TV Couples
Peacemaker
Champions League XIs: Real Madrid
pecheneg
Largest US Cities 1790-2010
pecheneg
Rides in Walt Disney World
pecheneg
Most Oscar Losses (Acting)
pecheneg
Beyoncé Albums
pecheneg
Trending Topics
Disney
Crossword
Marvel
Anime
Harry Potter
Kpop
NBA
Pokémon
WWE
Country
Song
Soccer
NFL
The Office
Puzzle
Your Account Isn't Verified!
In order to create a playlist on Sporcle, you need to verify the email address you used during registration. Go to your
Sporcle Settings
to finish the process.
Report this User
Report this user for behavior that violates our
Community Guidelines
.
Details:
Send Report
Go to the Sporcle.com Mobile Site →
Comments